[Event "San Sebastian de los Reyes op 19th"]
[Site "San Sebastian"]
[Date "2017.12.06"]
[Round "5"]
[White "Hernandez Ramos, David"]
[Black "Alonso Garuti, Luis Eugenio"]
[Result "1/2-1/2"]
[WhiteElo "2054"]
[BlackElo "1816"]
[PlyCount "58"]
[EventDate "2017.12.02"]
[EventType "swiss"]
[EventRounds "9"]
[EventCountry "ESP"]
[SourceTitle "CBM 182 Extra"]
[Source "ChessBase"]
[SourceDate "2018.02.23"]
[SourceVersion "1"]
[SourceVersionDate "2018.02.23"]
[SourceQuality "1"]

1. d4 Nf6 2. c4 e6 3. Nc3 Bb4 4. Bd2 0-0 5. Nf3 d5 6. e3 b6 7. cxd5 exd5 8. Bd3 Be7 9. Qc2 Bb7 10. 0-0 c5 11. dxc5 bxc5 12. Na4 Qd6 13. b4 c4 14. Be2 Ne4 15. Rab1 Nd7 16. Rfd1 Qh6 17. Nc3 f5 18. Nd4 Rae8 19. f4 Kh8 20. Bf3 g5 21. g3 Qg6 22. Nxe4 fxe4 23. f5 Qh6 24. Bg2 Bf6 25. Bc3 Ne5 26. Bf1 g4 27. Qf2 Nf3+ 28. Kh1 Qg5 29. Nxf3 exf3 1/2-1/2

[Event "San Sebastian de los Reyes op 19th"]
[Site "San Sebastian"]
[Date "2017.12.04"]
[Round "3"]
[White "Cardenas Serrano, Sergio"]
[Black "Alonso Garuti, Luis Eugenio"]
[Result "1-0"]
[WhiteElo "2123"]
[BlackElo "1816"]
[PlyCount "59"]
[EventDate "2017.12.02"]
[EventType "swiss"]
[EventRounds "9"]
[EventCountry "ESP"]
[SourceTitle "CBM 182 Extra"]
[Source "ChessBase"]
[SourceDate "2018.02.23"]
[SourceVersion "1"]
[SourceVersionDate "2018.02.23"]
[SourceQuality "1"]

1. e4 c5 2. Nc3 Nc6 3. f4 g6 4. Nf3 d6 5. Bb5 Bg7 6. 0-0 e6 7. Bxc6+ bxc6 8. d3 Rb8 9. e5 d5 10. Na4 Ne7 11. Nxc5 h5 12. d4 Nf5 13. Qd3 Bf8 14. c3 a5 15. Na4 Qc7 16. a3 Qa7 17. Re1 Ba6 18. Qd1 Bc4 19. b4 axb4 20. cxb4 Be7 21. Be3 0-0 22. Bf2 Ra8 23. Nc5 Bxc5 24. dxc5 Bb5 25. h3 Ba4 26. Qd2 Qc7 27. g4 Ng7 28. Bh4 Rfb8 29. Bf6 hxg4 30. hxg4 1-0

[Event "San Sebastian de los Reyes op 19th"]
[Site "San Sebastian"]
[Date "2017.12.02"]
[Round "1"]
[White "Alonso Garuti, Luis Eugenio"]
[Black "Rodriguez Municio, Carmen"]
[Result "1-0"]
[WhiteElo "1816"]
[BlackElo "1213"]
[PlyCount "37"]
[EventDate "2017.12.02"]
[EventType "swiss"]
[EventRounds "9"]
[EventCountry "ESP"]
[SourceTitle "CBM 182 Extra"]
[Source "ChessBase"]
[SourceDate "2018.02.23"]
[SourceVersion "1"]
[SourceVersionDate "2018.02.23"]
[SourceQuality "1"]

1. e4 c5 2. Nf3 Nc6 3. d4 cxd4 4. c3 dxc3 5. Bc4 d6 6. 0-0 Nf6 7. Nxc3 g6 8. Qe2 Bg7 9. Rd1 0-0 10. e5 Ng4 11. exd6 exd6 12. Bg5 Bf6 13. Qd2 Bxg5 14. Nxg5 Qf6 15. Nd5 Qe5 16. f4 Qf5 17. Bb5 Nf6 18. Bxc6 bxc6 19. Ne7+ 1-0

[Event "Ferrol op 32th"]
[Site "Ferrol"]
[Date "2017.07.23"]
[Round "8"]
[White "Alonso Garuti, Luis Eugenio"]
[Black "Fernandez Vazquez, Ivan Valerian"]
[Result "0-1"]
[WhiteElo "1847"]
[BlackElo "1868"]
[PlyCount "80"]
[EventDate "2017.07.16"]
[EventType "swiss"]
[EventRounds "9"]
[EventCountry "ESP"]
[SourceTitle "EXT 2024"]
[Source "ChessBase"]
[SourceDate "2023.10.10"]
[SourceVersion "1"]
[SourceVersionDate "2023.10.10"]
[SourceQuality "1"]

1. e4 c5 2. Nf3 d6 3. d4 cxd4 4. Nxd4 Nf6 5. Nc3 a6 6. Be2 e5 7. Nb3 Be7 8. Be3 Be6 9. Bf3 Nbd7 10. Qe2 Qc7 11. 0-0 0-0 12. Rfd1 Rac8 13. Nd2 b5 14. Rac1 Nb6 15. Bxb6 Qxb6 16. Nd5 Bxd5 17. exd5 Nd7 18. g3 f5 19. Bg2 Bg5 20. c3 g6 21. Rc2 Rfe8 22. g4 Bxd2 23. Rcxd2 fxg4 24. Qxg4 Nf6 25. Qh3 Kg7 26. Re1 b4 27. Re3 Qa5 28. Bf3 bxc3 29. bxc3 Rxc3 30. Rb2 Rc7 31. Kg2 Nxd5 32. Bxd5 Qxd5+ 33. f3 Rf8 34. Re4 Rcf7 35. Re3 Qd4 36. Rbe2 Rf5 37. Re4 Rg5+ 38. Rg4 Rxg4+ 39. fxg4 Rf4 40. Re3 Qd2+ 0-1

[Event "Tres Cantos op 9th"]
[Site "Tres Cantos"]
[Date "2017.06.26"]
[Round "5"]
[White "Cebrian Alfaya, Jorge"]
[Black "Alonso Garuti, Luis Eugenio"]
[Result "0-1"]
[WhiteElo "1395"]
[BlackElo "1847"]
[PlyCount "72"]
[EventDate "2017.06.22"]
[EventType "swiss"]
[EventRounds "9"]
[EventCountry "ESP"]
[SourceTitle "EXT 2019"]
[Source "ChessBase"]
[SourceDate "2018.10.10"]
[SourceVersion "1"]
[SourceVersionDate "2018.10.10"]
[SourceQuality "1"]

1. d4 Nf6 2. Bf4 c5 3. e3 d5 4. c3 Bf5 5. Nd2 Nc6 6. Ngf3 e6 7. Bb5 Qb6 8. Qa4 Rc8 9. Ne5 a6 10. Bxc6+ bxc6 11. Qb3 Qa7 12. Qa4 Be7 13. Ndf3 Qb6 14. Qb3 Qb5 15. dxc5 Qxc5 16. Nd4 0-0 17. Qa4 Bd6 18. Qxa6 Bxe5 19. Bxe5 Nd7 20. Bg3 Bg6 21. Nb3 Qe7 22. Na5 Ra8 23. Nxc6 Qc5 24. Qb7 Nf6 25. Ne7+ Kh8 26. Nxg6+ hxg6 27. Qc7 Qb5 28. b3 Ne4 29. Qe5 Rfc8 30. Qd4 Nxc3 31. Qd2 Ne4 32. Qb2 Qb4+ 33. Kf1 Rc6 34. f3 Qb5+ 35. Qe2 Qxe2+ 36. Kxe2 Rc2+ 0-1

[Event "Madrid Oliver Gonzalez Memorial-B 3rd"]
[Site "Madrid"]
[Date "2012.09.07"]
[Round "7"]
[White "Alonso Garuti, Luis Eugenio"]
[Black "Alfaya Marcelo, Roberto"]
[Result "0-1"]
[WhiteElo "1930"]
[BlackElo "1740"]
[PlyCount "56"]
[EventDate "2012.09.01"]
[EventType "swiss"]
[EventRounds "9"]
[EventCountry "ESP"]
[SourceTitle "CBM 150 Extra"]
[Source "ChessBase"]
[SourceDate "2012.10.19"]
[SourceVersion "1"]
[SourceVersionDate "2012.10.19"]
[SourceQuality "1"]

1. e4 c5 2. Nf3 d6 3. d4 cxd4 4. Nxd4 Nf6 5. Nc3 a6 6. a4 b6 7. Bc4 Bb7 8. f3 Qc7 9. Bb3 Nbd7 10. Be3 Nc5 11. Ba2 g6 12. Qd2 Bg7 13. Bh6 0-0 14. Bxg7 Kxg7 15. Qg5 e6 16. Qe3 Rfe8 17. 0-0-0 Bc6 18. Nxc6 Qxc6 19. Rd4 e5 20. Rb4 b5 21. a5 Rac8 22. Nd5 Nxd5 23. exd5 Qc7 24. Rh4 f5 25. f4 exf4 26. Qc3+ Re5 27. Rxf4 Ne4 28. Qxc7+ Rxc7 0-1

[Event "San Sebastian de los Reyes op 12th"]
[Site "San Sebastian"]
[Date "2010.12.06"]
[Round "7"]
[White "Perez Alvarez, Javier"]
[Black "Alonso Garuti, Luis Eugenio"]
[Result "1/2-1/2"]
[WhiteElo "1774"]
[BlackElo "1957"]
[PlyCount "55"]
[EventDate "2010.11.30"]
[EventType "swiss"]
[EventRounds "9"]
[EventCountry "ESP"]
[SourceTitle "CBM 139 Extra"]
[Source "ChessBase"]
[SourceDate "2011.01.05"]
[SourceVersion "1"]
[SourceVersionDate "2011.01.05"]
[SourceQuality "1"]

1. e4 c5 2. Nf3 Nc6 3. d4 cxd4 4. Nxd4 Nf6 5. Nc3 d6 6. Be2 e6 7. Be3 Be7 8. 0-0 0-0 9. Qd2 a6 10. a4 Qc7 11. f4 Rd8 12. Kh1 Bd7 13. Bf3 Nxd4 14. Bxd4 e5 15. Be3 Bc6 16. Qf2 Nd7 17. fxe5 Nxe5 18. Bb6 Qd7 19. Bxd8 Rxd8 20. Nd5 Bxd5 21. exd5 Rc8 22. Be4 g6 23. c3 Rc4 24. Bc2 Bg5 25. Rae1 Rh4 26. Re4 Ng4 27. Qg3 f5 28. Rxg4 1/2-1/2

[Event "San Sebastian Constitucion op 10th"]
[Site "San Sebastian"]
[Date "2008.12.04"]
[Round "5"]
[White "Rodrigo Yanguas, Maria"]
[Black "Alonso Garuti, Luis Eugenio"]
[Result "1-0"]
[WhiteElo "2037"]
[BlackElo "1986"]
[PlyCount "75"]
[EventDate "2008.11.30"]
[EventType "swiss"]
[EventRounds "9"]
[EventCountry "ESP"]
[SourceTitle "CBM 127 Extra"]
[Source "ChessBase"]
[SourceDate "2009.01.08"]
[SourceVersion "2"]
[SourceVersionDate "2009.01.28"]
[SourceQuality "1"]

1. e4 c5 2. Nf3 e6 3. d4 cxd4 4. Nxd4 a6 5. Be2 Nf6 6. Nc3 Qc7 7. 0-0 Be7 8. f4 d6 9. Be3 Nc6 10. Qe1 Nxd4 11. Bxd4 e5 12. Be3 Be6 13. Qg3 b5 14. a3 h5 15. h3 Bc4 16. Bxc4 bxc4 17. Rad1 Rb8 18. fxe5 dxe5 19. Rf5 Kf8 20. Rdf1 Qc6 21. Nd5 Bd8 22. Qxe5 Rb5 23. a4 Rb7 24. Nxf6 gxf6 25. Bc5+ Be7 26. Bxe7+ Rxe7 27. Qxf6 Rh6 28. Qd4 Qb6 29. Rc5 Qe6 30. Rxc4 Kg8 31. Qd8+ Re8 32. Qd5 Qb6+ 33. Rc5 Ree6 34. Kh1 Qxb2 35. Qd8+ Kg7 36. Rc8 Kg6 37. Rf5 Qc1+ 38. Kh2 1-0

[Event "San Sebastian Constitucion op 10th"]
[Site "San Sebastian"]
[Date "2008.12.03"]
[Round "4"]
[White "Alonso Garuti, Luis Eugenio"]
[Black "Sierra Bermejo, Gregorio"]
[Result "1-0"]
[WhiteElo "1986"]
[BlackElo "1792"]
[PlyCount "69"]
[EventDate "2008.11.30"]
[EventType "swiss"]
[EventRounds "9"]
[EventCountry "ESP"]
[SourceTitle "CBM 127 Extra"]
[Source "ChessBase"]
[SourceDate "2009.01.08"]
[SourceVersion "2"]
[SourceVersionDate "2009.01.28"]
[SourceQuality "1"]

1. e4 e5 2. Nf3 Nf6 3. d4 Nxe4 4. Nxe5 d5 5. Bd3 Bb4+ 6. c3 Bd6 7. 0-0 0-0 8. Nd2 Nf6 9. Kh1 Bxe5 10. dxe5 Ng4 11. Nf3 f6 12. Bf4 Nc6 13. exf6 Nxf6 14. Qc2 h6 15. Rad1 Ne7 16. c4 Bg4 17. Qd2 Ne4 18. Bxe4 dxe4 19. Qc2 Qxd1 20. Rxd1 Rxf4 21. Rd4 Bf5 22. Qd2 Ng6 23. Ne5 e3 24. Qxe3 Rxd4 25. Qxd4 Re8 26. f4 c5 27. Qe3 Rd8 28. Kg1 Rd4 29. Nxg6 Bxg6 30. Qe6+ Kh7 31. f5 Bh5 32. h3 Rd1+ 33. Kh2 Rd2 34. f6 Re2 35. Qxe2 1-0

[Event "San Sebastian Constitucion op 10th"]
[Site "San Sebastian"]
[Date "2008.12.01"]
[Round "2"]
[White "Morales, Jhon Alexander"]
[Black "Alonso Garuti, Luis Eugenio"]
[Result "1-0"]
[WhiteElo "2338"]
[BlackElo "1986"]
[PlyCount "73"]
[EventDate "2008.11.30"]
[EventType "swiss"]
[EventRounds "9"]
[EventCountry "ESP"]
[SourceTitle "CBM 127 Extra"]
[Source "ChessBase"]
[SourceDate "2009.01.08"]
[SourceVersion "2"]
[SourceVersionDate "2009.01.28"]
[SourceQuality "1"]

1. e4 c5 2. Nf3 e6 3. b3 d5 4. exd5 exd5 5. Bb5+ Bd7 6. Bxd7+ Nxd7 7. 0-0 Bd6 8. Bb2 Ngf6 9. Re1+ Kf8 10. d4 Rc8 11. Ne5 Qc7 12. Nd2 h5 13. c4 Ng4 14. Ndf3 Kg8 15. cxd5 f6 16. Nxd7 Qxd7 17. Qe2 Qf5 18. Qe6+ Qxe6 19. Rxe6 Rd8 20. Ba3 b6 21. h3 Nh6 22. dxc5 bxc5 23. Rc1 Kf7 24. Bxc5 Bxc5 25. Rxc5 Rd7 26. Nd4 Rhd8 27. Nc6 Rh8 28. Re4 Ng8 29. Ra5 Rc7 30. h4 Nh6 31. Rea4 Kg6 32. Rxa7 Rxa7 33. Rxa7 Re8 34. Ne7+ Kh7 35. f3 Nf5 36. Nxf5 Re1+ 37. Kh2 1-0